000 00265nam a2200109 a 4500
005 20141022141958.0
008 120306s19uu xx 00 eng d
050 _aCD
_bB38 2004
245 _aExploring :
_b3D modelling with MAYA 6.
260 _c2004.
942 _cAVM
999 _c276110
_d276110